000 00279nam a2200097Ia 4500
001 1146974
005 20250827010301.0
008 250824s9999 xx 000 0 und d
245 0 _aFAZİLETİN GÜNLÜĞÜ
_cFUNDA ÖZSOY ERDOĞAN
260 _bMİLLİ EĞİTİM BAKANLIĞI YAYINLARI
999 _c1146974
_d1146974